Loading...
| Beliefs | 0 | 3 | 0 | 1 | 30 | 86 | 110.00 | 0 | 0 |
| Social Science | 0 | 2 | 0 | 1 | 20 | 95 | 115.50 | 0 | 2 |
| History - American History | 0 | 2 | 0 | 2 | 20 | 117 | 122.50 | 0 | 1 |
| Literature - American Literature | 0 | 2 | 0 | 1 | 20 | 106 | 117.50 | 0 | 1 |
| Science - Biology | 0 | 2 | 0 | 2 | 20 | 127 | 128.50 | 0 | 1 |
| British and Commonwealth History | 1 | 0 | 0 | 0 | 15 | 61 | 61.00 | 0 | 1 |
| Other Arts: Auditory | 0 | 1 | 0 | 0 | 10 | 101 | 101.00 | 0 | 0 |
| Other Science: Astronomy | 0 | 1 | 0 | 0 | 10 | 113 | 113.00 | 0 | 0 |
| Other Academic | 0 | 1 | 0 | 0 | 10 | 86 | 86.00 | 0 | 1 |
| Other Science: Math | 0 | 1 | 0 | 1 | 10 | 140 | 140.00 | 0 | 0 |
| Other Science: Earth Science | 0 | 1 | 0 | 0 | 10 | 127 | 127.00 | 0 | 1 |
| Geography | 0 | 0 | 0 | 0 | 0 | 0.00 | 0 | 0 |